000 00954nas a2200301 4500
001 BR2011004765
003 BR-BrBNA
005 20231205115539.0
007 ta
008 230509b bl.|||p| |||| 00| 00por d
040 _aBR-BrBNA
_bpor
_cBiblioteca Nacional de Agricultura
041 _a(En)
072 _aL53
100 1 _aGigli, A.C. de S.
100 1 _aBaracho, M. dos S.
100 1 _aNääs, I. de A.
100 1 _aSalgado, D.D.
100 1 _aAlvarenga, D.P.
245 1 _aEnvironmental conditions in broiler multi-stage setter - a case study
246 1 _aEnvironmental conditions in broiler multi-stage setter - a case study
650 _aPINTO DE UM DIA
650 _aINCUBAÇÃO
650 _aECLODIBILIDADE
650 _aCONDIÇÃO AMBIENTAL
773 0 _tScientia Agricola (Brazil)
_xISSN 0103-9016
_g(Mar-Apr 2009), v. 66(2) p. 145-149
_wBR2011004765
909 _a202311
_bLúcia
_c55
_dLúcia Elande
942 _2AGRIS
_n0
_cANA
999 _c214368
_d214368